Obálka Náhled e-knihy:
PDF
Pro půjčování e-knih musíte být přihlášeni.
Jak si půjčit online?

Strašidelné príbehy /

Sbírka tajuplných pohádek s oblíbenými hrdiny z filmů W. Disneyho.

Uloženo v:
Korporativní autor: Disney Storybook Artists (Ilustrátor)
Další autoři: Svárovská, Ľubica (Překladatel)
Médium: E-kniha
Jazyk:Slovak
Vydáno: V Prahe : Egmont, 2022
Vydání:Prvé vydanie
Edice:Disney (Egmont)
Témata:
Příbuzné jednotky:Název polského překladu:: Opowieści z dreszczykiem
Tagy:
Žádné tagy
LEADER 02460nam a2200517 i 4500
001 311565
003 CZ PrSKC
005 20260601215707.0
007 ta
008 220428s2022 xr a a 000 j slo
015 |a cnb003415664 
020 |a 9788025251577  |q (vázáno) 
035 |a (OCoLC)1329409433 
040 |a ABG001  |b cze  |e rda 
041 1 |a slo  |k pol  |h eng 
072 7 |a 821-93  |x Literatura pro děti a mládež (beletrie)  |2 Konspekt 
080 |a 821-32  |2 MRF 
080 |a 821-93  |2 MRF 
080 |a (0:82-32)  |2 MRF 
245 0 0 |a Strašidelné príbehy /  |c preklad Ľubica Svárovská 
250 |a Prvé vydanie 
264 1 |a V Prahe :  |b Egmont,  |c 2022 
300 |a 126 stran :  |b barevné ilustrace ;  |c 26 cm 
336 |a text  |b txt  |2 rdacontent 
336 |a statický obraz  |b sti  |2 rdacontent 
337 |a bez média  |b n  |2 rdamedia 
338 |a svazek  |b nc  |2 rdacarrier 
490 1 |a Disney 
500 |a Přeloženo z polského překladu anglického originálu 
500 |a Ilustrace: Disney Storybook Art Team 
520 2 |a Sbírka tajuplných pohádek s oblíbenými hrdiny z filmů W. Disneyho.  |b Vydejte se za dobrodružstvím a zjistěte, jak odvážný Mauglí zachránil slůně před tygrem Šér Chánem, poslechněte si strašidelné vyprávění Medvídka Pú a jeho kamarádů ze Stokorcového lesa nebo pomozte neohroženému Petru Panovi vyzrát na pirátského kapitána Háka. Užijte si s malými čtenáři před spaním napínavé příběhy, ve kterých dobro a odvaha vždy zvítězí. Nakladatelská anotace. Kráceno. 
521 8 |a Pro děti od 4 let 
655 7 |a příběhy  |7 fd133204  |2 czenas 
655 7 |a publikace pro děti  |7 fd133156  |2 czenas 
655 9 |a stories  |2 eczenas 
655 9 |a children's literature  |2 eczenas 
700 1 |a Svárovská, Ľubica  |7 mzk2009512853  |4 trl 
710 2 |a Disney Storybook Artists  |7 mzk2009490531  |4 ill 
765 0 8 |i Název polského překladu:  |t Opowieści z dreszczykiem 
830 0 |a Disney (Egmont) 
900 |a ABA001  |b 20 
928 9 |a Albatros Media - Egmont 
044 |a xr 
910 |a RBIT002 
998 |d 352384  |a https://core.palmknihy.cz/api/books/352384/cover?sfdggk  |b https://core.palmknihy.cz/api/books/352384/cover/400?sfdggk  |c https://core.palmknihy.cz/api/books/352384/cover/50?sfdggk  |e 2026-12-31  |g 128  |i 9788025251577  |k https://core.palmknihy.cz/api/books/352384/preview.pdf  |l   |q 49  |r 1  |s https://www.palmknihy.cz/kniha/352384  |t ebook  |y 2022  |z 0 
999 |d 311563